ECrits II

Gorde:
Xehetasun bibliografikoak
Egile nagusia: Lacan, Jacques
Formatua: Liburua
Hizkuntza:Undetermined
Argitaratua: París, Francia Sevil 1970
Gaiak:
Etiketak: Etiketa erantsi
Etiketarik gabe, Izan zaitez lehena erregistro honi etiketa jartzen!

MARC

LEADER 00000nam a2200000Ia 4500
008 170316s9999 xx 000 0 und d
090 |a 100 L-4e v.2 
100 |a Lacan, Jacques 
245 |a ECrits II 
260 |a París, Francia 
260 |b Sevil 
260 |c 1970 
300 |a 244 páginas 
650 |a FILOSOFÍA 
999 |c 16864  |d 16864 
040 |a cru BVZT 
942 |c 15 D  |h 100 L-4e v.2  |2 z